LEADER 00929nam a2200253 i 4500 001 000000139853 003 CaOOAMICUS 005 20061114000000.0 008 061114s1962 it u000 u lat u 013 $a113986 040 $aSeMil$bita 100 1 $aGirardi, Giulio <1926- >.$0(OLS)http://semarc/name/24542 245 10$aOntologia /$cIulius Girardi. 260 $aTorino :$bSEI,$c1962. 300 $aXI, 243 p. ;$c22 cm. 490 0 $aInstitutiones philosophiae ;$v3. 500 $aContiene : Bibliographia. 650 4$aOntologia - Manuali.$0(OLS)http://semarc/subject/10843 830 0$aInstitutiones philosophiae ;$v3.$0(OLS)http://semarc/title/22236 850 $aSeMil 852 $aSeMil$W1$xVenegono$y1$m2P IV 641$j93243$B93243$CSeMilBibl$Z2$F117415 $81 961 $aRecupero: Altro 996 $6245$aOntologia$9(OLS)http://semarc/title/80512 996 $6260$aTorino :$bSEI$9(OLS)http://semarc/publisher/29848 LEADER 01480nam a2200253 i 4500 001 000000240561 003 CaOOAMICUS 005 20240408145013.0 008 150402s1767 it u000 u ita u 026 $aonm- tede ion- dedo (C) 1767 (R) 040 $aSeMil$bita 110 1 $aSpagna.$0(OLS)http://semarc/name/39941 245 10$aPubblicazione della Prammatica Sanzione di Sua Maesta Cattolica in forza di legge per l'espulsione da questi regni de' religiosi della Compagnia, occupamento delle loro temporalita, e inibizione del loro ristabilimento in verun tempo, ... Aggiuntavi copia di carta autorizzata dalla Corte di Madrid. 264 1$aIn Venezia :$b[s.n.],$c1767. 300 $a[8] p., P. 3-47, [1] p. ;$c8°. 500 $aFregio xilogr. sul front. 500 $aLegato con 3E-II-55 FA 500 $aSegn.: pg4 A24 700 0 $aCarlos,$c.$0(OLS)http://semarc/name/81552 850 $aSeMil 852 $aSeMil$W1$xVenegono$y1$m3E II 56 FA$j190907$B190907$CSeMilBibl$Z2$F201738 $8I 996 $6245$aPubblicazione della Prammatica Sanzione di Sua Maesta Cattolica in forza di legge per l'espulsione da questi regni de' religiosi della Compagnia, occupamento delle loro temporalita, e inibizione del loro ristabilimento in verun tempo, ... Aggiuntavi copia di carta autorizzata dalla Corte di Madrid$9(OLS)http://semarc/title/342106 996 $6264$aIn Venezia :$b[s.n.]$9(OLS)http://semarc/publisher/33209